Fr. Conceicao Rodrigues College of Engineering

Electronic devices and Circuit theory (Record no. 36299)

MARC details
000 -LEADER
fixed length control field 00433nam a22001697a 4500
003 - CONTROL NUMBER IDENTIFIER
control field OSt
005 - DATE AND TIME OF LATEST TRANSACTION
control field 20251216113113.0
007 - PHYSICAL DESCRIPTION FIXED FIELD--GENERAL INFORMATION
fixed length control field 932 pages
008 - FIXED-LENGTH DATA ELEMENTS--GENERAL INFORMATION
fixed length control field 251216b |||||||| |||| 00| 0 eng d
020 ## - INTERNATIONAL STANDARD BOOK NUMBER
International Standard Book Number 9789332542600
040 ## - CATALOGING SOURCE
Transcribing agency
082 ## - DEWEY DECIMAL CLASSIFICATION NUMBER
Edition number 11
Classification number 621.381
Item number BOY
245 ## - TITLE STATEMENT
Title Electronic devices and Circuit theory
Statement of responsibility, etc. Boylestad,Robert K
Medium English
250 ## - EDITION STATEMENT
Edition statement 11
260 ## - PUBLICATION, DISTRIBUTION, ETC.
Name of publisher, distributor, etc. Pearson
Date of publication, distribution, etc. 2015
942 ## - ADDED ENTRY ELEMENTS (KOHA)
Source of classification or shelving scheme Dewey Decimal Classification
Koha item type BOOK
Edition 11
Call number prefix 621.381
Call number suffix BOY
Suppress in OPAC No
Holdings
Withdrawn status Lost status Source of classification or shelving scheme Damaged status Not for loan Collection Home library Current library Date acquired Cost, normal purchase price Inventory number Total Checkouts Full call number Barcode Date last seen Price effective from Koha item type Date last checked out
    Dewey Decimal Classification     Electronics and Computer Science(ECS) Fr. Agnel's C.Rodrigues College of Engineering AGNEL TECHNICAL COLLEGE LIBRARY 16/12/2025 1070.00 AO/25/12/816 dt 10.12.2025 2 621.381/BOY 27055 02/03/2026 16/12/2025 BOOK 02/03/2026
    Dewey Decimal Classification     Electronics and Computer Science(ECS) Fr. Agnel's C.Rodrigues College of Engineering Fr. Agnel's C.Rodrigues College of Engineering 16/12/2025 1070.00 AO/25/12/816 dt 10.12.2025   621.381/BOY 27054 16/12/2025 16/12/2025 BOOK  
    Dewey Decimal Classification     Electronics and Computer Science(ECS) Fr. Agnel's C.Rodrigues College of Engineering Fr. Agnel's C.Rodrigues College of Engineering 16/12/2025 1070.00 AO/25/12/816 dt 10.12.2025   621.381/BOY 27056 16/12/2025 16/12/2025 BOOK  
    Dewey Decimal Classification     Electronics and Computer Science(ECS) Fr. Agnel's C.Rodrigues College of Engineering Fr. Agnel's C.Rodrigues College of Engineering 16/12/2025 1070.00 AO/25/12/816 dt 10.12.2025   621.381/BOY 27057 16/12/2025 16/12/2025 BOOK  
    Dewey Decimal Classification     Electronics and Computer Science(ECS) Fr. Agnel's C.Rodrigues College of Engineering Fr. Agnel's C.Rodrigues College of Engineering 16/12/2025 1070.00 AO/25/12/816 dt 10.12.2025   621.381/BOY 27058 16/12/2025 16/12/2025 BOOK